000 02632 a2200193 4500
001 54217
005 20260407155812.0
008 260407a1967 arg spa d
003 AR-UNSa-BCEJYS
040 _aAR-UNSa-BCEJYS
_bspa
_cAR-UNSa-BCEJYS
080 _a336.7
_xMoneda. Sistema monetario. Banca. Bolsa
245 1 0 _aMoneda y bancos en la República Argentina
264 1 _aBuenos Aires :
_bAbeledo Perrot
_c1967
300 _a381 p.
_c23 cm.
505 _aPrimera parte (hasta 1810): El medio circulante en el período hispánico - I. Las condiciones económicas - II. El sistema monetario colonial - Segunda parte (hasta 1852): El medio circulante y el crédito público en el período 1810-1852 - I. Continuidad financiera y empréstitos(1810-1813) - II. Ordenamiento financiero al instalarse el Directorio - III. Prolegómenos de la reforma liberal - IV. Afianzamiento del librecambismo - V. La implantación de las instituciones del liberalismo económico financiero - VI. La nacionalización de las instituciones - VII. Economía y finanzas en el período 1835-1852 - Tercera parte(1852-1880): La constitución de 1853 y reformas de 1860,1866,1898,1949 y 1957 - I. Disposiciones constitucionales - II. Problemas económicos y financieros de la Confederación (1854) - III. Moneda y Bancos en al Confederación y Buenos Aires (1853-73) - IV. Las instituciones económico-financieras y la crisis de 1873 - Cuarta parte: El período 1880-1900 - I. La década 1880-1890 - II. Situación y medidas económico-financieras de los años 1890 y 1891 - III. Arreglo de deudas,unificación del circulante y ley de conversión - Quinta parte (1900-1935): El régimen monetario y bamcario en el siglo XX hasta 1935 - I. Caracteres generales del sistema monetario y bancario - III. La situación económica mundial en la primera post-guerra.La crisis 1929-32 - IV. Repercusiones de la gran crisis - V. El pacto Roca-Runciman.Nueva fisonomía económica.Empréstitos de desbloqueo - Sexta parte: La reforma de 1935 - I. Caracteres generales de la reforma.Banco Central - II. Ley de Bnacos.Instituto Movilizador.Ley de Organización.Bancos oficiales - III. Crédito industrial - Séptima parte: Las reformas de 1945 y 1949 - I. La reforma de 1946 - II. Nueva estructura del Banco Central de la República Argentina (1946) - III. Ley de Bancos.Cartas orgánicas.Sistema parabancario - IV. La reforma de 1949 - Octava parte: Reforma bancaria de 1956-57 - I. Nuevo régimen monetario,bancario y crediticio - II. Cartas orgánicas y Ley de Bancos
942 _cBK
590 _aniveau_biblio:m niveau_hierar:0
100 1 _aDifrieri, Jorge A.
999 _c5388
_d5388